000 00639cam a22002293a 4500
001 9794
003 PGUSA
005 20140828083216.0
008 060101s2006||||xxu|||||s|||||000 1 eng d
040 _aPGUSA
_beng
042 _adc
050 4 _aPS
100 1 _aRice, Alice Caldwell Hegan,
_d1870-1942
245 1 0 _aCalvary Alley
_h[electronic resource] /
_cAlice Caldwell Hegan Rice
260 _bProject Gutenberg,
_c2006
506 _aPublic domain in the USA.
516 _aElectronic text
653 _aKentucky -- Fiction
830 0 _aProject Gutenberg
_v9794
856 4 0 _uhttp://www.gutenberg.org/ebooks/9794
942 _cEB
999 _c239050
_d239050